000 00547nam a2200181Ia 4500
003 OSt
005 20240328095622.0
008 210210b1929 xxu||||| |||| 00| 0 eng d
040 _cAL
041 _aKannada
082 _a853/529
100 _aSADASHIVA GURUNATHA
_dಸದಾಶಿವ ಗುರುನಾಥ
_9157350
245 _aShri rama paduka pattabhisheka
_bಶ್ರೀ ರಾಮ ಪಾದುಕಾ ಪಟ್ಟಾಭಿಷೇಕ
260 _aGadaga
_b-
_c1929
690 _aKannada Drama
_9157355
906 _a019799
942 _2ddc
_cBK
999 _c143945
_d143945